Central Library OPAC University of Rajshahi

Lie algebras and Lie groups : (Record no. 50725)

MARC details
000 -LEADER
fixed length control field 00621nam a2200205 a 4500
001 - CONTROL NUMBER
control field 50725
003 - CONTROL NUMBER IDENTIFIER
rucl marc code BD-RjUL
005 - DATE AND TIME OF LATEST TRANSACTION
control field 20211209075544.0
008 - FIXED-LENGTH DATA ELEMENTS--GENERAL INFORMATION
fixed length control field 160828s1965 nyua b 000 0 eng d
035 ## - SYSTEM CONTROL NUMBER
System control number (BD-RjUL)50845
040 ## - CATALOGING SOURCE
Original cataloging agency DLC/ICU/ICU
Language of cataloging eng
Transcribing agency BD-RjUL
Modifying agency BD-RjUL
041 ## - LANGUAGE CODE
Language code of text/sound track or separate title eng
082 ## - DEWEY DECIMAL CLASSIFICATION NUMBER
Classification number 512
Edition number 23
Author mark and year SEL 1965
100 1# - MAIN ENTRY--PERSONAL NAME
Personal name Serre, Jean-Pierre,
Dates associated with a name 1926-
9 (RLIN) 151878
245 10 - TITLE STATEMENT
Title Lie algebras and Lie groups :
Remainder of title 1964 lectures given at Harvard University /
Statement of responsibility, etc. Jean-Pierre Serre
260 ## - PUBLICATION, DISTRIBUTION, ETC. (IMPRINT)
Place of publication, distribution, etc. New York :
Name of publisher, distributor, etc. W.A. Benjamin,
Date of publication, distribution, etc. 1965
300 ## - PHYSICAL DESCRIPTION
Pagination (various pagings) ;
Size 28 cm
650 #0 - SUBJECT ADDED ENTRY--TOPICAL TERM
Topical term or geographic name as entry element algebras
9 (RLIN) 151879
942 ## - ADDED ENTRY ELEMENTS (KOHA)
Source of classification or shelving scheme Dewey Decimal Classification
Koha item type Books
Holdings
Lost status Source of classification or shelving scheme Damaged status Not for loan Collection code Permanent Location Current Location Shelving location Date acquired Source of acquisition Total Checkouts Full call number Date last seen Copy number Koha item type
  Dewey Decimal Classification     Non-fiction Central Library, University of Rajshahi Central Library, University of Rajshahi   22/05/1970 Zeithlinger   512 SEL 1965 28/08/2016 C-2 Books